| 000 | 01000nam a22003257a 4500 | ||
|---|---|---|---|
| 001 | 0004621 | ||
| 003 | KOHA_MİRAKIL | ||
| 005 | 20260207001419.0 | ||
| 007 | ta | ||
| 008 | 120210b1995 enk |||gr||||#0|||1|eng | | ||
| 020 |
_a185346368X _q(pbk.) |
||
| 040 |
_aTR-BiSEU _btur _cTR-BiSEU _erda |
||
| 041 | 0 | _aeng | |
| 044 | _cenk | ||
| 050 |
_aPE1408 _b.P37 1995 |
||
| 100 | 1 | _aPeach, Linden. | |
| 245 | 1 |
_aEnglish as a creative art : _bliterary concepts linked to creative writing/ _cLinden Peach ; Linden Peach and Angela Burton. |
|
| 264 | 1 |
_aLondon : _bD. Fulton _c1995 |
|
| 300 | _a186 sayfa; 23 cm. | ||
| 336 |
_ametin _btxt _2rdacontent |
||
| 337 |
_aaracısız _bn _2rdamedia |
||
| 338 |
_acilt _bnc _2rdacarrier |
||
| 500 | _aKaynakça ve dizin var. | ||
| 650 | 0 |
_aEnglish language--Rhetoric. _911409 |
|
| 650 | 0 |
_aLiterature--History and criticism--Theory etc. _911410 |
|
| 650 | 0 |
_aCreative writing. _911411 |
|
| 650 | 0 |
_aCriticism. _911412 |
|
| 907 | _aDil | ||
| 942 |
_2lcc _cBK |
||
| 999 |
_c4603 _d4603 |
||